DVACET LET ROZVOJOVÉHO LÉKÁRENSKÉHO STŘEDISKA (RLS)

Bibliographic Details
Main Author: Kunovský, L. (Author)
Format: Article
Language:Czech

MARC

LEADER 00000nab a2200000uu 4500
001 vtls011453679
003 SK-MaSNL
005 20260303113258.0
008 230121|1975 xo |||||||||||||||||cze|
015 |a SNBRB 
035 |a (urnnbn)urn:nbn:sk:snk:ar-0080xs 
035 |a (uuid)74a40c4a-a836-416e-9785-0572029f52b6 
035 |a urn:nbn:sk:snk-abcp4m 
040 |a SNKBUCL  |b slo  |c SNKBUCL  |e AACR2 
041 0 |a cze 
044 |a xo  |c SK 
100 1 |a Kunovský, L.  |4 aut  |9 1119251 
245 1 0 |a DVACET LET ROZVOJOVÉHO LÉKÁRENSKÉHO STŘEDISKA (RLS)  |c L. Kunovský 
773 0 |t Farmaceutický obzor : odborný časopis Ministerstva zdravotníctva Slovenskej republiky a Slovenskej zdravotníckej univerzity v Bratislave  |g Roč. 44, č. 6 (1975), s. 241-248 
954 |a odborná, vedecká literatúra cudzojazyčná (svetová)  |2 lita 
958 |a OND 
958 |a EUIPO 
958 |a article16 
999 |c 1891485  |d 1893415